Normal view
MARC view
- F. John Vernberg, Winona B. Vernberg
Entry Personal Name
001 - CONTROL NUMBER
- control field: 134356
003 - CONTROL NUMBER IDENTIFIER
- control field: NUST
005 - DATE AND TIME OF LATEST TRANSACTION
- control field: 20260506165322.0
008 - FIXED-LENGTH DATA ELEMENTS
- fixed length control field: 260506|| aca||aabn | a|a d
040 ## - CATALOGING SOURCE
- Original cataloging agency: NUST
- Transcribing agency: NUST
100 ## - HEADING--PERSONAL NAME
- Personal name: F. John Vernberg, Winona B. Vernberg
670 ## - SOURCE DATA FOUND
- Source citation: Work cat.: (NUST): F. John Vernberg, Winona B. Vernberg., The Coastal Zone: Past, Present, and Future /, 2001.
